|
|
|
|
| LEADER |
00000cam a22000004a 4500 |
| 001 |
musev2_38801 |
| 003 |
MdBmJHUP |
| 005 |
20230905044056.0 |
| 006 |
m o d |
| 007 |
cr||||||||nn|n |
| 008 |
151116s2015 xx o 00 0 eng d |
| 020 |
|
|
|a 9781609174415
|
| 020 |
|
|
|z 9781611861556
|
| 035 |
|
|
|a (OCoLC)904519208
|
| 040 |
|
|
|a MdBmJHUP
|c MdBmJHUP
|
| 100 |
1 |
|
|a Chardavoyne, David.
|
| 245 |
1 |
0 |
|a Michigan Supreme Court Historical Reference Guide, 2nd Edition
|
| 264 |
|
1 |
|a [Place of publication not identified] :
|b Vearsa,
|c 2015.
|
| 264 |
|
3 |
|a Baltimore, Md. :
|b Project MUSE,
|c 2015
|
| 264 |
|
4 |
|c ©2015.
|
| 300 |
|
|
|a 1 online resource (326 pages).
|
| 336 |
|
|
|a text
|b txt
|2 rdacontent
|
| 337 |
|
|
|a computer
|b c
|2 rdamedia
|
| 338 |
|
|
|a online resource
|b cr
|2 rdacarrier
|
| 505 |
0 |
|
|a Contents -- Foreword by Wallace D. Riley -- Introduction by David G. Chardavoyne -- Structural Evolution of the Michigan Supreme Court -- Chief and Presiding Judges and Justice -- The Ten Longest and Ten Shortest Tenures on the Michigan Supreme Court -- Justice Biographies -- Verdict of History -- Michigan Supreme Court Elections -- Factual Chart of Courts by Year -- Notes -- Index
|
| 588 |
|
|
|a Description based on print version record.
|
| 610 |
1 |
7 |
|a Michigan.
|b Supreme Court.
|2 fast
|0 (OCoLC)fst00558315
|
| 610 |
1 |
0 |
|a Michigan.
|b Supreme Court
|v Cases.
|
| 610 |
1 |
0 |
|a Michigan.
|b Supreme Court
|x History.
|
| 610 |
1 |
0 |
|a Michigan.
|b Supreme Court
|v Biography.
|
| 650 |
|
7 |
|a Judges.
|2 fast
|0 (OCoLC)fst00984490
|
| 650 |
|
7 |
|a POLITICAL SCIENCE
|x Government
|x Judicial Branch.
|2 bisacsh
|
| 650 |
|
7 |
|a LAW
|x Legal Services.
|2 bisacsh
|
| 650 |
|
7 |
|a LAW
|x Civil Procedure.
|2 bisacsh
|
| 650 |
|
0 |
|a Judges
|z Michigan
|v Biography.
|
| 651 |
|
7 |
|a Michigan.
|2 fast
|0 (OCoLC)fst01208387
|
| 655 |
|
7 |
|a Trials, litigation, etc.
|2 fast
|0 (OCoLC)fst01423712
|
| 655 |
|
7 |
|a History.
|2 fast
|0 (OCoLC)fst01411628
|
| 655 |
|
7 |
|a Biographies.
|2 fast
|0 (OCoLC)fst01919896
|
| 655 |
|
7 |
|a Electronic books.
|2 local
|
| 700 |
1 |
|
|a Moreno, Paul.
|
| 710 |
2 |
|
|a Project Muse.
|e distributor
|
| 830 |
|
0 |
|a Book collections on Project MUSE.
|
| 856 |
4 |
0 |
|z Texto completo
|u https://projectmuse.uam.elogim.com/book/38801/
|
| 945 |
|
|
|a Project MUSE - Custom Collection
|
| 945 |
|
|
|a Project MUSE - 2015 Complete
|
| 945 |
|
|
|a Project MUSE - 2015 US Regional Studies, Midwest
|